000 00377nam a2200133 a 4500
001 1115
005 20140414132052.0
008 041020s19uu xx 00 eng d
050 _aREF 423
_bEN3 2010
245 _aEnglish dictionary :
_bdeluxe edition with irregular verbs.
260 _aValenzuela :
_bSGE,
_c2010.
650 _aEnglish language
_xDictionaries.
999 _c114214
_d114214